[Event "7th Cesme Open-A 2019"]
[Site "Cesme"]
[Date "2019.06.27"]
[Round "6"]
[White "Mohannad, Farhan"]
[Black "Koksal, Ege"]
[Result "0-1"]
[WhiteElo "2193"]
[BlackElo "2363"]
[Annotator "RC"]
[PlyCount "143"]
[EventDate "2019.06.24"]
[EventType "swiss"]
[EventCountry "TUR"]
[SourceTitle "playchess.com"]
[Source "ChessBase"]
[SourceQuality "1"]
[TimeControl "5400+30"]

1. d4 {[%emt 0:00:30]} Nf6 {[%emt 0:05:30]} 2. c4 {[%emt 0:00:30]} g6 {[%emt 0:00:00]} 3. Nc3 {[%emt 0:00:00]} d5 {[%emt 0:00:00]} 4. cxd5 {[%emt 0:01:00]} Nxd5 {[%emt 0:00:00]} 5. e4 {[%emt 0:00:30]} Nxc3 {[%emt 0:00:00]} 6. bxc3 {[%emt 0:00:00]} Bg7 {[%emt 0:00:30]} 7. Bg5 {[%emt 0:00:00]} O-O {[%emt 0:00:30]} 8. Rc1 {[%emt 0:00:30]} c5 {[%emt 0:01:30]} 9. d5 {[%emt 0:02:30]} Qc7 {[%emt 0:05:30]} 10. Nf3 {[%emt 0:01:30]} Bg4 {[%emt 0:03:30]} 11. Qd2 {[%emt 0:00:30]} e6 {[%emt 0:02:30]} 12. Bf4 {[%emt 0:14:30]} Qd7 {[%emt 0:05:30]} 13. Be2 {[%emt 0:05:30]} exd5 {[%emt 0:02:30]} 14. exd5 {[%emt 0:00:30]} Bxf3 {[%emt 0:00:30]} 15. Bxf3 {[%emt 0:00:30]} Re8+ {[%emt 0:00:30]} 16. Be3 {[%emt 0:00:30]} Bh6 {[%emt 0:04:30]} 17. O-O {[%emt 0:00:30]} Bxe3 {[%emt 0:00:30]} 18. fxe3 {[%emt 0:00:30]} Qd6 {[%emt 0:00:00]} 19. Bd1 {[%emt 0:08:30]} Nd7 {[%emt 0:02:00]} 20. Ba4 {[%emt 0:00:30]} Re5 {[%emt 0:01:30]} 21. Qf2 {[%emt 0:13:30]} Rf5 {[%emt 0:02:30]} 22. Qh4 {[%emt 0:00:00]} Rxf1+ {[%emt 0:00:30]} 23. Rxf1 {[%emt 0:00:00]} Nb6 {[%emt 0:01:30]} 24. Bb3 {[%emt 0:04:30]} Kg7 {[%emt 0:02:30]} 25. c4 {[%emt 0:02:30]} Re8 {[%emt 0:04:30]} 26. Qf2 {[%emt 0:10:30]} Re7 {[%emt 0:04:30]} 27. a4 {[%emt 0:05:30]} Qe5 {[%emt 0:04:30]} 28. Kh1 {[%emt 0:00:30]} Nc8 {[%emt 0:01:30]} 29. e4 {[%emt 0:03:30]} b6 {[%emt 0:00:00]} 30. Bc2 {[%emt 0:00:30]} Nd6 {[%emt 0:00:00]} 31. Bd3 {[%emt 0:00:00]} Qc3 {[%emt 0:03:30]} 32. Qf3 {[%emt 0:02:00]} Qd4 {[%emt 0:00:30]} 33. h3 {[%emt 0:00:30]} Qe5 {[%emt 0:04:30]} 34. Qf2 {[%emt 0:00:30]} Qd4 {[%emt 0:05:30]} 35. Qf3 {[%emt 0:01:30]} Kg8 {[%emt 0:02:30]} 36. Rd1 {[%emt 0:03:30]} Qe5 {[%emt 0:01:30]} 37. Qf2 {[%emt 0:02:26]} Kg7 {[%emt 0:01:30]} 38. a5 {[%emt 0:01:58]} Qf6 {[%emt 0:00:30]} 39. Qe3 {[%emt 0:03:00]} Nf5 {[%emt 0:03:30]} 40. Qf2 {[%emt 0:00:03]} Nd6 {[%emt 0:02:30]} 41. Qe3 {[%emt 0:00:04]} Qd4 {[%emt 0:04:30]} 42. Qxd4+ {[%emt 0:02:23]} cxd4 {[%emt 0:00:30]} 43. axb6 {[%emt 0:00:30]} axb6 {[%emt 0:00:30]} 44. Bc2 {[%emt 0:00:30]} Kf6 {[%emt 0:00:30]} 45. Rxd4 {[%emt 0:00:30]} Ke5 {[%emt 0:00:30]} 46. Rd1 {[%emt 0:01:25]} Nxc4 {[%emt 0:03:30]} 47. Rb1 {[%emt 0:01:26]} Rb7 {[%emt 0:01:46]} 48. Bd3 {[%emt 0:03:01]} Nd6 {[%emt 0:01:25]} 49. Rb4 {[%emt 0:00:12]} b5 {[%emt 0:00:14]} 50. Kg1 {[%emt 0:02:44]} f5 {[%emt 0:00:00]} 51. exf5 {[%emt 0:00:30]} gxf5 {[%emt 0:01:12]} 52. g4 {[%emt 0:00:00]} fxg4 {[%emt 0:00:37]} 53. hxg4 {[%emt 0:00:00]} Kxd5 {[%emt 0:02:10]} 54. g5 {[%emt 0:00:00]} Rg7 {[%emt 0:01:33]} 55. Rg4 {[%emt 0:00:41]} Nc4 {[%emt 0:00:44]} 56. Be4+ {[%emt 0:04:18]} Kc5 {[%emt 0:00:35]} 57. Kf2 {[%emt 0:01:19]} Ne5 {[%emt 0:00:40]} 58. Rh4 {[%emt 0:00:52]} Ng6 {[%emt 0:00:01]} 59. Rg4 {[%emt 0:01:12]} b4 {[%emt 0:00:20]} 60. Ke3 {[%emt 0:00:19]} Rd7 {[%emt 0:00:37]} 61. Rg1 {[%emt 0:00:31]} b3 {[%emt 0:02:31]} 62. Bf5 {[%emt 0:01:09]} Rd5 {[%emt 0:00:41]} 63. Be4 {[%emt 0:00:21]} Re5 {[%emt 0:01:09]} 64. Rh1 {[%emt 0:00:16]} Re7 {[%emt 0:00:27]} 65. Kd3 {[%emt 0:01:24]} Kb4 {[%emt 0:00:32]} 66. Bxg6 {[%emt 0:01:39]} hxg6 {[%emt 0:00:04]} 67. Rh6 {[%emt 0:00:14]} Rd7+ {[%emt 0:00:23]} 68. Ke4 {[%emt 0:00:15]} b2 {[%emt 0:00:20]} 69. Rh1 {[%emt 0:00:11]} Rc7 {[%emt 0:00:32]} 70. Ke5 {[%emt 0:00:56]} Rc6 {[%emt 0:01:14]} 71. Rh8 {[%emt 0:00:56]} Rb6 {[%emt 0:00:10]} 72. Rh1 {[%emt 0:00:00]} 0-1

[Event "7th Cesme Open-A 2019"]
[Site "Cesme"]
[Date "2019.06.27"]
[Round "6"]
[White "Kara, Yanki"]
[Black "Guseynov, Alihan"]
[Result "1/2-1/2"]
[WhiteElo "2186"]
[BlackElo "2274"]
[Annotator "TA"]
[PlyCount "42"]
[EventDate "2019.06.24"]
[EventType "swiss"]
[EventCountry "TUR"]
[SourceTitle "playchess.com"]
[Source "ChessBase"]
[SourceQuality "1"]

{[%evp 19,42,25,30,26,25,6,20,13,27,0,19,0,28,0,0,-7,33,4,12,-54,36,0,53,60,56]} 1. Nf3 c5 2. c4 Nc6 3. Nc3 g6 4. e3 Nf6 5. d4 cxd4 6. exd4 d5 7. cxd5 Nxd5 8. Qb3 Nxc3 9. Bc4 e6 10. bxc3 Bd7 {[#] Hoping for ...Na5.} 11. Be2 {A35: Symmetrical English: 2 Nc3 Nc6 3 Nf3} ({Don't go for} 11. Qxb7 $2 Rb8 $19) (11. Bb5 a6 12. Be2 Na5 13. Qb1 Rc8 14. O-O f6 15. c4 b6 16. c5 bxc5 17. dxc5 Bxc5 18. Bxa6 Rb8 {1-0 (34) Svidler,P (2756)-Shankland,S (2722) Hoogeveen 2018}) 11... Na5 12. Qb1 Rc8 13. O-O {The position is equal.} f6 {[#]} 14. Re1 $146 ({Predecessor:} 14. c4 b6 15. Nd2 Kf7 16. Re1 Qc7 17. Bb2 Bh6 18. Ne4 f5 {0-1 (55) Potkin,V (2597)-Firouzja,A (2607) St Petersburg 2018}) 14... Kf7 15. Be3 b6 16. Qd3 Qc7 17. Qe4 Bd6 18. Rac1 Nc4 19. Qh4 (19. Bh6 $11) 19... b5 (19... h5 $15) 20. Nd2 Nxd2 (20... Nxe3 $11 21. fxe3 h5) 21. Bxd2 $14 Qa5 {Accuracy: White = 24%, Black = 38%.} 1/2-1/2

[Event "7th Cesme Open-A 2019"]
[Site "Cesme"]
[Date "2019.06.27"]
[Round "6"]
[White "Fadeev, Semen"]
[Black "Kamer, Kayra"]
[Result "0-1"]
[WhiteElo "2168"]
[BlackElo "2353"]
[Annotator "RC"]
[PlyCount "100"]
[EventDate "2019.06.24"]
[EventType "swiss"]
[EventCountry "TUR"]
[SourceTitle "playchess.com"]
[Source "ChessBase"]
[SourceQuality "1"]
[TimeControl "5400+30"]

1. e4 {[%emt 0:07:30]} c5 {[%emt 0:01:30]} 2. Nf3 {[%emt 0:00:30]} e6 {[%emt 0:00:00]} 3. d4 {[%emt 0:00:30]} cxd4 {[%emt 0:00:00]} 4. Nxd4 {[%emt 0:00:30]} a6 {[%emt 0:00:00]} 5. c4 {[%emt 0:00:00]} Nf6 {[%emt 0:00:00]} 6. Nc3 {[%emt 0:00:00]} Qc7 {[%emt 0:00:00]} 7. Bd3 {[%emt 0:00:30]} Nc6 {[%emt 0:00:00]} 8. Nxc6 {[%emt 0:00:30]} dxc6 {[%emt 0:00:30]} 9. f4 {[%emt 0:01:30]} e5 {[%emt 0:00:00]} 10. O-O {[%emt 0:03:30]} Bc5+ {[%emt 0:00:00]} 11. Kh1 {[%emt 0:00:30]} Bg4 {[%emt 0:01:30]} 12. Qc2 {[%emt 0:03:30]} O-O-O {[%emt 0:00:30]} 13. fxe5 {[%emt 0:04:30]} Nd7 {[%emt 0:01:30]} 14. Bg5 {[%emt 0:11:30]} Rde8 {[%emt 0:02:30]} 15. a3 {[%emt 0:11:30]} Nxe5 {[%emt 0:01:30]} 16. b4 {[%emt 0:04:30]} Bd4 {[%emt 0:00:00]} 17. Rac1 {[%emt 0:01:30]} h6 {[%emt 0:01:00]} 18. Bf4 {[%emt 0:01:30]} g5 {[%emt 0:00:00]} 19. Bg3 {[%emt 0:00:30]} h5 {[%emt 0:00:00]} 20. Be2 {[%emt 0:05:30]} Be6 {[%emt 0:00:30]} 21. Nd5 {[%emt 0:01:30]} Qd8 {[%emt 0:03:30]} 22. Qd2 {[%emt 0:04:30]} h4 {[%emt 0:01:30]} 23. Qxd4 {[%emt 0:02:30]} hxg3 {[%emt 0:00:00]} 24. Qxe5 {[%emt 0:00:00]} Rxh2+ {[%emt 0:01:00]} 25. Kg1 {[%emt 0:00:00]} Rxg2+ {[%emt 0:09:30]} 26. Kxg2 {[%emt 0:00:30]} Bh3+ {[%emt 0:00:00]} 27. Kxh3 {[%emt 0:00:30]} Rxe5 {[%emt 0:00:00]} 28. Nc3 {[%emt 0:01:30]} f5 {[%emt 0:00:30]} 29. Rxf5 {[%emt 0:02:30]} Rxf5 {[%emt 0:03:30]} 30. exf5 {[%emt 0:00:30]} Qd2 {[%emt 0:00:00]} 31. Rf1 {[%emt 0:00:00]} g4+ {[%emt 0:00:00]} 32. Kxg3 {[%emt 0:01:00]} Qxc3+ {[%emt 0:00:00]} 33. Kxg4 {[%emt 0:00:00]} Qc2 {[%emt 0:01:00]} 34. Rf2 {[%emt 0:02:00]} Qe4+ {[%emt 0:00:30]} 35. Kg3 {[%emt 0:00:30]} Qe3+ {[%emt 0:00:00]} 36. Kg2 {[%emt 0:07:30]} Qg5+ {[%emt 0:00:00]} 37. Kf1 {[%emt 0:00:30]} Qf6 {[%emt 0:00:30]} 38. c5 {[%emt 0:02:30]} Kd8 {[%emt 0:00:30]} 39. Kg2 {[%emt 0:00:00]} Qg5+ {[%emt 0:00:30]} 40. Kh3 {[%emt 0:02:06]} Qe3+ {[%emt 0:01:30]} 41. Kg2 {[%emt 0:00:24]} Ke7 {[%emt 0:01:30]} 42. f6+ {[%emt 0:00:30]} Kf8 {[%emt 0:00:00]} 43. f7 {[%emt 0:01:35]} Qxa3 {[%emt 0:00:00]} 44. Rf4 {[%emt 0:00:50]} Qe3 {[%emt 0:00:00]} 45. Rf2 {[%emt 0:01:50]} Qe4+ {[%emt 0:00:00]} 46. Kg3 {[%emt 0:00:30]} Qxb4 {[%emt 0:00:00]} 47. Rf5 {[%emt 0:04:40]} Qe4 {[%emt 0:00:00]} 48. Bg4 {[%emt 0:03:15]} a5 {[%emt 0:00:30]} 49. Kh4 {[%emt 0:09:42]} a4 {[%emt 0:00:30]} 50. Rf3 {[%emt 0:01:09]} Qxf3 {[%emt 0:00:00]} 0-1

[Event "7th Cesme Open-A 2019"]
[Site "Cesme"]
[Date "2019.06.28"]
[Round "7"]
[White "Bernadskiy, Vitaliy"]
[Black "Quparadze, Giga"]
[Result "1/2-1/2"]
[WhiteElo "2578"]
[BlackElo "2498"]
[Annotator "ChessBase"]
[PlyCount "75"]
[EventDate "2019.06.24"]
[EventType "swiss"]
[EventCountry "TUR"]
[SourceTitle "playchess.com"]
[Source "ChessBase"]
[SourceQuality "1"]
[TimeControl "5400+30"]

1. d4 {[%emt 0:00:30]} Nf6 {[%emt 0:00:30]} 2. c4 {[%emt 0:00:30]} e6 {[%emt 0:00:00]} 3. g3 {[%emt 0:00:00]} d5 {[%emt 0:00:00]} 4. Bg2 {[%emt 0:02:00]} Bb4+ {[%emt 0:00:30]} 5. Nd2 {[%emt 0:00:30]} c5 {[%emt 0:00:30]} 6. dxc5 {[%emt 0:05:30]} Bxc5 {[%emt 0:01:30]} 7. Ngf3 {[%emt 0:00:30]} O-O {[%emt 0:01:30]} 8. O-O {[%emt 0:01:30]} Nc6 {[%emt 0:00:30]} 9. cxd5 {[%emt 0:03:30]} exd5 {[%emt 0:00:30]} 10. Nb3 {[%emt 0:00:30]} Bb6 {[%emt 0:00:00]} 11. Nbd4 {[%emt 0:00:30]} Re8 {[%emt 0:01:00]} 12. b3 {[%emt 0:01:30]} Nxd4 {[%emt 0:01:30]} 13. Nxd4 {[%emt 0:00:30]} Bg4 {[%emt 0:00:30]} 14. Bb2 {[%emt 0:02:30]} Bxd4 {[%emt 0:01:30]} 15. Qxd4 {[%emt 0:04:30]} Bxe2 {[%emt 0:00:30]} 16. Rfe1 {[%emt 0:07:30]} Qd6 {[%emt 0:00:00]} 17. a4 {[%emt 0:06:30]} h6 {[%emt 0:00:00]} 18. h3 {[%emt 0:03:30]} b6 {[%emt 0:00:30]} 19. a5 {[%emt 0:00:30]} Rad8 {[%emt 0:02:30]} 20. axb6 {[%emt 0:04:30]} axb6 {[%emt 0:00:30]} 21. Bc1 {[%emt 0:05:30]} Bb5 {[%emt 0:09:30]} 22. Rxe8+ {[%emt 0:03:30]} Rxe8 {[%emt 0:01:30]} 23. Be3 {[%emt 0:00:00]} Bc6 {[%emt 0:07:30]} 24. Qxb6 {[%emt 0:05:00]} Rb8 {[%emt 0:00:00]} 25. Qa6 {[%emt 0:01:30]} Ra8 {[%emt 0:00:00]} 26. Qf1 {[%emt 0:00:30]} d4 {[%emt 0:05:30]} 27. Rd1 {[%emt 0:03:30]} Bxg2 {[%emt 0:00:30]} 28. Qxg2 {[%emt 0:00:30]} Qa3 {[%emt 0:02:30]} 29. Bxd4 {[%emt 0:02:30]} Rb8 {[%emt 0:03:30]} 30. Bxf6 {[%emt 0:00:30]} Qxb3 {[%emt 0:00:00]} 31. Rd6 {[%emt 0:02:30]} gxf6 {[%emt 0:00:00]} 32. Rxf6 {[%emt 0:00:30]} Kg7 {[%emt 0:00:30]} 33. Rf4 {[%emt 0:00:30]} Qb7 {[%emt 0:00:30]} 34. Rg4+ {[%emt 0:08:30]} Kh7 {[%emt 0:00:30]} 35. Re4 {[%emt 0:00:30]} Qd5 {[%emt 0:00:00]} 36. g4 {[%emt 0:02:30]} Rb1+ {[%emt 0:01:00]} 37. Kh2 {[%emt 0:00:30]} Qd6+ {[%emt 0:00:00]} 38. Qg3 {[%emt 0:02:30]} 1/2-1/2

[Event "7th Cesme Open-A 2019"]
[Site "Cesme"]
[Date "2019.06.28"]
[Round "7"]
[White "Mammadov, Zaur"]
[Black "Olcum, Ahmet"]
[Result "1-0"]
[WhiteElo "2428"]
[BlackElo "2315"]
[Annotator "NA"]
[PlyCount "57"]
[EventDate "2019.06.24"]
[EventType "swiss"]
[EventCountry "TUR"]
[SourceTitle "playchess.com"]
[Source "ChessBase"]
[SourceQuality "1"]
[TimeControl "5400+30"]

1. e4 {[%emt 0:00:30]} d6 {[%emt 0:14:30]} 2. d4 {[%emt 0:00:00]} Nf6 {[%emt 0:00:30]} 3. Nd2 {[%emt 0:00:00]} g6 {[%emt 0:00:30]} 4. Ngf3 {[%emt 0:00:30]} Bg7 {[%emt 0:00:00]} 5. Bd3 {[%emt 0:00:00]} O-O {[%emt 0:01:00]} 6. O-O {[%emt 0:00:00]} c5 {[%emt 0:00:00]} 7. dxc5 {[%emt 0:00:30]} dxc5 {[%emt 0:01:00]} 8. e5 {[%emt 0:00:30]} Nd5 {[%emt 0:02:30]} 9. Be4 {[%emt 0:00:30]} Bf5 $14 {[%emt 0:16:30]} 10. Bxf5 {[%emt 0:10:30]} gxf5 {[%emt 0:00:30]} 11. Nb3 {[%emt 0:00:30]} b6 {[%emt 0:13:30]} 12. Bg5 {[%emt 0:04:30]} Nc6 {[%emt 0:14:30]} 13. Qd3 {[%emt 0:00:30]} Nxe5 {[%emt 0:05:30]} 14. Nxe5 {[%emt 0:01:30]} Bxe5 {[%emt 0:00:00]} 15. Rad1 {[%emt 0:02:30]} Nf4 {[%emt 0:04:00]} 16. Qxf5 {[%emt 0:01:30]} Qc7 {[%emt 0:01:30]} 17. Rfe1 {[%emt 0:09:30]} Ng6 {[%emt 0:02:30]} 18. h4 {[%emt 0:03:30]} c4 {[%emt 0:10:58]} 19. Nd2 {[%emt 0:02:30]} h5 {[%emt 0:05:20]} 20. Bh6 {[%emt 0:07:30]} Rfd8 {[%emt 0:00:10]} 21. Nf3 {[%emt 0:01:30]} Bxb2 {[%emt 0:02:30]} 22. Ng5 {[%emt 0:03:30]} Bf6 {[%emt 0:01:41]} 23. Nxf7 {[%emt 0:00:30]} Nxh4 {[%emt 0:01:27]} 24. Qe6 {[%emt 0:00:30]} Rxd1 {[%emt 0:01:04]} 25. Rxd1 {[%emt 0:00:30]} Qc5 {[%emt 0:00:10]} 26. Ng5+ {[%emt 0:02:30]} Kh8 {[%emt 0:00:30]} 27. Qe4 {[%emt 0:00:30]} Bxg5 {[%emt 0:00:08]} 28. Qxa8+ {[%emt 0:01:30]} Kh7 {[%emt 0:00:30]} 29. Rd5 {[%emt 0:00:00]} 1-0

[Event "7th Cesme Open-A 2019"]
[Site "Cesme"]
[Date "2019.06.28"]
[Round "7"]
[White "Lavrov, Maxim"]
[Black "Sevgi, Volkan"]
[Result "1/2-1/2"]
[WhiteElo "2401"]
[BlackElo "2302"]
[Annotator "NA"]
[PlyCount "107"]
[EventDate "2019.06.24"]
[EventType "swiss"]
[EventCountry "TUR"]
[SourceTitle "playchess.com"]
[Source "ChessBase"]
[SourceQuality "1"]
[TimeControl "5400+30"]

1. e4 {[%emt 0:00:30]} c6 {[%emt 0:02:30]} 2. d4 {[%emt 0:00:30]} d5 {[%emt 0:00:00]} 3. e5 {[%emt 0:00:00]} Bf5 {[%emt 0:00:00]} 4. Nf3 {[%emt 0:00:00]} e6 {[%emt 0:00:00]} 5. Be2 {[%emt 0:00:00]} Bb4+ {[%emt 0:00:00]} 6. Nbd2 {[%emt 0:02:00]} Nd7 {[%emt 0:01:30]} 7. O-O {[%emt 0:00:30]} Ba5 {[%emt 0:04:30]} 8. c4 {[%emt 0:05:30]} Ne7 {[%emt 0:02:30]} 9. Nh4 {[%emt 0:04:30]} Bxd2 {[%emt 0:06:30]} 10. Bxd2 {[%emt 0:00:30]} dxc4 {[%emt 0:00:30]} 11. Bg5 {[%emt 0:02:30]} Be4 {[%emt 0:04:30]} 12. Bxc4 {[%emt 0:02:30]} Nb6 {[%emt 0:10:30]} 13. Bb3 $11 {[%emt 0:03:30]} h6 {[%emt 0:02:30]} 14. Be3 {[%emt 0:05:30]} g5 {[%emt 0:10:30]} 15. Nf3 {[%emt 0:00:30]} Nf5 {[%emt 0:01:30]} 16. Re1 {[%emt 0:02:30]} Qd7 {[%emt 0:17:30]} 17. Nd2 {[%emt 0:05:30]} Bd5 {[%emt 0:01:30]} 18. a4 {[%emt 0:04:30]} a5 {[%emt 0:02:30]} 19. Qc2 {[%emt 0:03:30]} Qe7 {[%emt 0:01:30]} 20. Qc3 {[%emt 0:10:30]} Rg8 {[%emt 0:07:30]} 21. Bc2 {[%emt 0:01:30]} Qb4 {[%emt 0:00:30]} 22. Qxb4 {[%emt 0:01:30]} axb4 {[%emt 0:00:30]} 23. a5 {[%emt 0:00:30]} Nc4 {[%emt 0:00:30]} 24. Nxc4 {[%emt 0:06:30]} Bxc4 {[%emt 0:02:30]} 25. Rec1 {[%emt 0:06:30]} Bb5 {[%emt 0:05:12]} 26. Ba4 {[%emt 0:01:30]} Ba6 {[%emt 0:01:22]} 27. Bc2 {[%emt 0:00:30]} Bb5 {[%emt 0:00:51]} 28. Bxf5 {[%emt 0:06:30]} exf5 {[%emt 0:00:30]} 29. d5 {[%emt 0:00:00]} Rg6 {[%emt 0:01:21]} 30. Bc5 {[%emt 0:00:00]} b3 {[%emt 0:04:03]} 31. Rc3 {[%emt 0:01:30]} cxd5 {[%emt 0:01:06]} 32. Rxb3 {[%emt 0:00:30]} Ba6 {[%emt 0:00:27]} 33. Bd6 {[%emt 0:05:12]} Rc8 {[%emt 0:00:01]} 34. Rb6 {[%emt 0:00:34]} d4 {[%emt 0:01:01]} 35. f3 {[%emt 0:00:33]} d3 {[%emt 0:00:34]} 36. Rd1 {[%emt 0:01:00]} f4 {[%emt 0:01:39]} 37. Rd2 {[%emt 0:02:11]} Rc2 {[%emt 0:02:43]} 38. Bb4 {[%emt 0:00:10]} Rxb6 {[%emt 0:00:31]} 39. axb6 {[%emt 0:00:06]} Kd7 {[%emt 0:01:24]} 40. Kf2 {[%emt 0:00:46]} Ke6 {[%emt 0:00:55]} 41. Ke1 {[%emt 0:01:37]} Kxe5 {[%emt 0:00:17]} 42. Bc3+ {[%emt 0:00:19]} Kf5 {[%emt 0:01:01]} 43. Kd1 {[%emt 0:00:02]} h5 {[%emt 0:00:05]} 44. Ke1 {[%emt 0:01:36]} Rc1+ {[%emt 0:02:20]} 45. Rd1 {[%emt 0:00:35]} Rc2 {[%emt 0:01:07]} 46. Rd2 {[%emt 0:00:05]} g4 {[%emt 0:00:06]} 47. Rxc2 {[%emt 0:00:38]} dxc2 {[%emt 0:00:30]} 48. Bd2 {[%emt 0:00:00]} g3 {[%emt 0:00:23]} 49. h4 {[%emt 0:00:52]} Bb5 {[%emt 0:01:17]} 50. Bc1 {[%emt 0:00:07]} Ke5 {[%emt 0:00:30]} 51. Bd2 {[%emt 0:00:00]} Bc4 {[%emt 0:01:35]} 52. Bc1 {[%emt 0:00:13]} f6 {[%emt 0:00:30]} 53. Bd2 {[%emt 0:00:30]} Bb5 {[%emt 0:00:30]} 54. Bc1 {[%emt 0:00:00]} 1/2-1/2

[Event "7th Cesme Open-A 2019"]
[Site "Cesme"]
[Date "2019.06.28"]
[Round "7"]
[White "Bashirli, Nail"]
[Black "Aydincelebi, Kagan"]
[Result "1-0"]
[WhiteElo "2367"]
[BlackElo "2258"]
[Annotator "NA"]
[PlyCount "129"]
[EventDate "2019.06.24"]
[EventType "swiss"]
[EventCountry "TUR"]
[SourceTitle "playchess.com"]
[Source "ChessBase"]
[SourceQuality "1"]
[TimeControl "5400+30"]

1. e4 {[%emt 0:14:30]} c5 {[%emt 0:00:30]} 2. Nf3 {[%emt 0:00:30]} Nc6 {[%emt 0:00:30]} 3. Nc3 {[%emt 0:00:30]} d6 {[%emt 0:00:00]} 4. d4 {[%emt 0:00:00]} cxd4 {[%emt 0:00:00]} 5. Nxd4 {[%emt 0:00:00]} Nf6 {[%emt 0:00:00]} 6. Bg5 {[%emt 0:00:00]} Bd7 {[%emt 0:00:00]} 7. Qd2 {[%emt 0:00:00]} Rc8 {[%emt 0:00:00]} 8. O-O-O {[%emt 0:01:30]} Nxd4 {[%emt 0:00:00]} 9. Qxd4 {[%emt 0:00:30]} Qa5 {[%emt 0:00:00]} 10. f4 {[%emt 0:00:00]} h6 {[%emt 0:00:00]} 11. Bh4 {[%emt 0:00:00]} g5 {[%emt 0:22:30]} 12. e5 {[%emt 0:02:30]} Bg7 $14 {[%emt 0:03:30]} 13. exf6 {[%emt 0:14:30]} Bxf6 {[%emt 0:00:30]} 14. Qd5 {[%emt 0:10:30]} Bxc3 {[%emt 0:18:30]} 15. Qxa5 {[%emt 0:00:30]} Bxa5 {[%emt 0:00:30]} 16. fxg5 {[%emt 0:00:00]} hxg5 {[%emt 0:00:30]} 17. Bxg5 {[%emt 0:01:00]} Bg4 {[%emt 0:13:30]} 18. Rd4 {[%emt 0:07:30]} Bf5 {[%emt 0:02:30]} 19. c3 {[%emt 0:01:30]} Bb6 {[%emt 0:00:30]} 20. Rb4 {[%emt 0:08:30]} f6 {[%emt 0:00:30]} 21. Bd2 {[%emt 0:00:30]} d5 {[%emt 0:02:30]} 22. h4 {[%emt 0:03:30]} Be4 {[%emt 0:03:30]} 23. h5 {[%emt 0:03:30]} Kf7 {[%emt 0:02:30]} 24. Rh4 {[%emt 0:00:30]} Rcg8 {[%emt 0:00:30]} 25. Rbxe4 {[%emt 0:01:30]} dxe4 {[%emt 0:00:00]} 26. Bc4+ {[%emt 0:02:30]} e6 {[%emt 0:00:00]} 27. Rxe4 {[%emt 0:00:00]} Re8 {[%emt 0:05:30]} 28. g4 {[%emt 0:00:00]} Bc5 {[%emt 0:01:30]} 29. Kc2 {[%emt 0:02:30]} Re7 {[%emt 0:02:30]} 30. Bf4 {[%emt 0:03:30]} a6 {[%emt 0:01:30]} 31. b4 {[%emt 0:02:30]} Ba7 {[%emt 0:00:30]} 32. a4 {[%emt 0:01:30]} Bb8 {[%emt 0:00:30]} 33. Be3 {[%emt 0:00:30]} Bd6 {[%emt 0:01:30]} 34. a5 {[%emt 0:01:56]} Kg7 {[%emt 0:00:34]} 35. Bd3 {[%emt 0:02:13]} Rc8 {[%emt 0:01:24]} 36. Kb3 {[%emt 0:00:23]} Rec7 {[%emt 0:01:42]} 37. c4 {[%emt 0:05:11]} e5 {[%emt 0:02:05]} 38. c5 {[%emt 0:00:18]} Be7 {[%emt 0:00:33]} 39. g5 {[%emt 0:03:22]} fxg5 {[%emt 0:00:52]} 40. Rxe5 {[%emt 0:00:03]} Bf6 {[%emt 0:00:59]} 41. Rf5 {[%emt 0:01:38]} Rd8 {[%emt 0:03:02]} 42. h6+ {[%emt 0:02:09]} Kf7 {[%emt 0:00:30]} 43. Kc2 {[%emt 0:00:00]} g4 {[%emt 0:02:34]} 44. h7 {[%emt 0:00:08]} Kg7 {[%emt 0:03:47]} 45. Rf4 {[%emt 0:03:56]} Re7 {[%emt 0:01:46]} 46. Rxg4+ {[%emt 0:01:06]} Kh8 {[%emt 0:00:05]} 47. Bc1 {[%emt 0:01:06]} Red7 {[%emt 0:00:58]} 48. Be4 {[%emt 0:00:54]} Rd4 {[%emt 0:00:20]} 49. Kb3 {[%emt 0:00:04]} Re8 {[%emt 0:00:38]} 50. Rg8+ {[%emt 0:01:02]} Rxg8 {[%emt 0:00:30]} 51. hxg8=Q+ {[%emt 0:00:00]} Kxg8 {[%emt 0:00:05]} 52. Bxb7 {[%emt 0:00:00]} Rd1 {[%emt 0:01:11]} 53. Kc2 {[%emt 0:00:17]} Rd4 {[%emt 0:00:40]} 54. Bd2 {[%emt 0:00:01]} Rc4+ {[%emt 0:00:00]} 55. Kb3 {[%emt 0:00:46]} Rd4 {[%emt 0:00:27]} 56. Kc2 {[%emt 0:00:30]} Rc4+ {[%emt 0:00:30]} 57. Kd3 {[%emt 0:00:30]} Rd4+ {[%emt 0:00:30]} 58. Ke2 {[%emt 0:00:30]} Kf7 {[%emt 0:00:30]} 59. Bxa6 {[%emt 0:00:30]} Ke7 {[%emt 0:00:00]} 60. Bd3 {[%emt 0:00:00]} Kd7 {[%emt 0:00:00]} 61. a6 {[%emt 0:00:00]} Kc7 {[%emt 0:00:00]} 62. b5 {[%emt 0:00:00]} Be7 {[%emt 0:00:33]} 63. b6+ {[%emt 0:00:21]} Kc6 {[%emt 0:00:00]} 64. a7 {[%emt 0:00:44]} Ra4 {[%emt 0:00:00]} 65. Be3 {[%emt 0:00:16]} 1-0